000 00701nam a22002057a 4500
999 _c164599
_d164599
005 20190523121948.0
010 _aA-895513
020 _a910113274050
_c00.00
035 _aA-895513
037 _bDBAD/PUB
082 _a321.8
100 _aVadackumchery, james
245 _aPolicing the largest democracy:
_b50 years and after/
_cjames Vadackumchery
260 _aNew delhi
_bAPH Publications
_c1998
270 _a5, Ansari Road Daryaganj,
_bNew Delhi
_e110002
_k3274050
300 _axxv.214p.
_c21cm.(Hbk0
500 _ait includes index.
942 _2ddc
_cEN
_h321.8
_mVAD